000 00872nas a2200313 4500
001 BR0905772
003 BR-BrBNA
005 20231205113741.0
007 ta
008 230509b bl.|||p| |||| 00| 00por d
040 _aBR-BrBNA
_bpor
_cBiblioteca Nacional de Agricultura
041 _a(Pt)
072 _aE70
100 1 _aPaneto, J.C. do C.
100 1 _aBittar, E.R.
100 1 _aBarbosa, E.F.
100 1 _aRocha, C.D.
100 1 _aVal, J.E. do
100 1 _aFerraudo, A.S.
100 1 _aLôbo, R.B.
245 1 _aCausas de variação nos preços de bovinos nelore elite no Brasil
650 _aBOVINO
650 _aPREÇO
650 _aJULGAMENTO
650 _aLEILÃO
773 0 _tCiência Rural (Brazil)
_xISSN 0103-8478
_g(Jan-Feb 2009), v. 39(1) p. 215-220
_wBR0905772
909 _a202311
_bLúcia
_c55
_dLúcia Elande
942 _2AGRIS
_n0
_cANA
999 _c205398
_d205398